Tecnología e inclusividad, una propuesta para la capacitación docente en el lenguaje de señas.
Presenta una propuesta tecnológica la cual consiste en un programa de capacitación de lenguaje en señas dirigido especialmente a todos los docentes del país con el propósito de propiciar la inclusión de las personas con limitaciones auditivas.
| Main Authors: | , |
|---|---|
| Other Authors: | |
| Format: | Tesis Section = Libro |
| Language: | Undetermined Spanish |
| Published: |
Managua
UNI
2013
|
| Subjects: |
| LEADER | 01075nam a2200241Ia 4500 | ||
|---|---|---|---|
| 008 | 240830s9999 xx 000 0 und d | ||
| 040 | |a BIBLIOTECA-RUSB/ Mon 005.1 G633 | ||
| 041 | |a spa | ||
| 082 | |a Mon 005.1 G633 | ||
| 100 | 1 | |a Gómez Pérez, Katherine Lissette | |
| 100 | 1 | |b Castillo Zamuria, Horacio José | |
| 245 | 1 | 0 | |a Tecnología e inclusividad, una propuesta para la capacitación docente en el lenguaje de señas. |
| 260 | |a Managua |b UNI |c 2013 | ||
| 300 | |a 90 p. :il. | ||
| 502 | |a Tesis (Ingeniero en Computación) - UNI, 2013. | ||
| 520 | 3 | |a Presenta una propuesta tecnológica la cual consiste en un programa de capacitación de lenguaje en señas dirigido especialmente a todos los docentes del país con el propósito de propiciar la inclusión de las personas con limitaciones auditivas. | |
| 650 | 7 | |a PROGRAMAS INTEGRADOS PARA COMPUTADOR | |
| 650 | 7 | |b APRENDIZAJE EN PLATAFORMA VIRTUAL | |
| 650 | 7 | |c MÉTODOS DE APRENDIZAJE VIRTUAL | |
| 700 | 1 | |a Tutor: |b Flores Quintana, Gloria Thalía | |
| 942 | |c BK |2 ddc | ||
| 991 | |a TESIS | ||
| 999 | |c 19678 | ||